[Event "Concordia op 5th"]
[Site "Concordia"]
[Date "2019.05.03"]
[Round "6"]
[White "Durante, Tauany Seidel"]
[Black "Chitolina, Ezequiel Henrique"]
[Result "1/2-1/2"]
[WhiteElo "1076"]
[BlackElo "1402"]
[PlyCount "70"]
[EventDate "2019.05.01"]
[EventType "swiss"]
[EventRounds "9"]
[EventCountry "BRA"]
[SourceTitle "CBM 190 Extra"]
[Source "ChessBase"]
[SourceDate "2019.07.15"]
[SourceVersion "1"]
[SourceVersionDate "2019.07.15"]
[SourceQuality "1"]

1. e4 e5 2. Nf3 Nc6 3. Bc4 Bc5 4. c3 Nf6 5. d4 exd4 6. cxd4 Bb4+ 7. Nc3 Nxe4 8. 0-0 Bxc3 9. d5 Ne5 10. Qe2 0-0 11. bxc3 Nxc4 12. Qxe4 Nd6 13. Qf4 Re8 14. Ba3 Re4 15. Qd2 Nc4 16. Qd3 f5 17. Bc1 d6 18. Ng5 Ne5 19. Qh3 h6 20. Nxe4 fxe4 21. Qg3 Qf6 22. Re1 Bf5 23. Be3 Re8 24. Bxa7 b6 25. Bxb6 cxb6 26. a4 Rc8 27. a5 bxa5 28. Rxa5 g5 29. Ra6 Nd3 30. Rb1 Rxc3 31. h3 Qg7 32. Qxd6 e3 33. fxe3 Nc5 34. Rb8+ Kh7 35. Raa8 Qd7 1/2-1/2

[Event "Catarinense-ch (Women)"]
[Site "Concordia"]
[Date "2018.02.23"]
[Round "1"]
[White "Durante, Tauany Seidel"]
[Black "Librelato, Ana Julia Goulart"]
[Result "0-1"]
[WhiteElo "1800"]
[BlackElo "1679"]
[PlyCount "64"]
[EventDate "2018.02.23"]
[EventType "swiss"]
[EventRounds "6"]
[EventCountry "BRA"]
[SourceTitle "EXT 2019"]
[Source "ChessBase"]
[SourceDate "2018.10.10"]
[SourceVersion "1"]
[SourceVersionDate "2018.10.10"]
[SourceQuality "1"]

1. e4 e5 2. Nf3 Nc6 3. Bc4 Nf6 4. d3 Bc5 5. c3 d6 6. b4 Bb6 7. a4 a6 8. 0-0 h6 9. Qb3 0-0 10. Nh4 Ne7 11. Qd1 Bg4 12. Qc2 c6 13. Be3 d5 14. exd5 cxd5 15. Bb3 Nf5 16. Nxf5 Bxf5 17. Nd2 d4 18. cxd4 Bxd4 19. Bxd4 Qxd4 20. Qd1 Qxb4 21. Bc2 Rfd8 22. Nf3 e4 23. Ne1 exd3 24. Nxd3 Bxd3 25. Bxd3 Qc3 26. Qe2 Qxd3 27. Qb2 b5 28. a5 Rac8 29. h3 Rc2 30. Rfd1 Qxd1+ 31. Rxd1 Rxd1+ 32. Kh2 Rxb2 0-1